| Tag |
First Indicator |
Second Indicator |
Subfields |
| LEADER |
00000cam a2200000 a 4500 |
| 001 |
in00004484721 |
| 005 |
20191203081659.0 |
| 008 |
980218s1997 sz a b i000 0 eng d |
| 020 |
|
|
|a 9241571969
|
| 035 |
|
|
|a (OCoLC)38466109
|
| 035 |
|
|
|9 AAH7350MS
|
| 035 |
|
|
|z (UtOrBLW)26536
|
| 035 |
|
|
|a 40473
|
| 040 |
|
|
|a OUN
|c OUN
|d UIU
|d AGL
|d UtOrBLW
|
| 041 |
0 |
|
|a eng
|b fre
|b spa
|
| 049 |
|
|
|a TMVM
|c 1
|
| 070 |
0 |
|
|a RA565.A1E63
|b no.196
|
| 072 |
|
0 |
|a X500
|a X380
|a W000
|
| 096 |
|
|
|a WA 30
|b E61 v.196 1997
|
| 245 |
0 |
0 |
|a Methanol /
|c first draft prepared by L. Fishbein.
|
| 264 |
|
1 |
|a Geneva :
|b World Health Organization,
|c 1997.
|
| 300 |
|
|
|a xviii, 180 pages :
|b illustrations ;
|c 21 cm.
|
| 336 |
|
|
|a text
|2 rdacontent
|b txt
|
| 337 |
|
|
|a unmediated
|2 rdamedia
|
| 338 |
|
|
|a volume
|2 rdacarrier
|b nc
|
| 490 |
1 |
|
|a Environmental health criteria,
|x 0250-863X ;
|v 196
|
| 500 |
|
|
|a "This report contains the collective views of an international group of experts and does not necessarily represent the decisions or the stated policy of the United Nations Environment Programme, the International Labour Organisation, or the World Health Organization."
|
| 500 |
|
|
|a "Published under the joint sponsorship of the United Nations Environment Programme, the International Labour Organisation, and the World Health Organization, and produced within the framework of the Inter-Organization Programme for the Sound Management of Chemicals."
|
| 500 |
|
|
|a "IPCS, International Programme on Chemical Safety"--Cover.
|
| 500 |
|
|
|a "WHO Task Group on Environmental Health Criteria for Methanol"--p. xv.
|
| 504 |
|
|
|a Includes bibliographical references (pages 133-160).
|
| 546 |
|
|
|a Text in English, summaries in English, French and Spanish.
|
| 650 |
|
2 |
|a Methanol
|x adverse effects.
|
| 650 |
|
2 |
|a Methanol
|x toxicity.
|
| 650 |
|
2 |
|a Environmental Exposure.
|
| 650 |
|
2 |
|a Environmental Health.
|
| 700 |
1 |
|
|a Fishbein, L.
|q (Lawrence),
|d 1923-
|
| 710 |
2 |
|
|a WHO Task Group on Environmental Health Criteria for Methanol.
|
| 710 |
2 |
|
|a United Nations Environment Programme.
|
| 710 |
2 |
|
|a International Labour Organisation.
|
| 710 |
2 |
|
|a World Health Organization.
|
| 710 |
2 |
|
|a Inter-Organization Programme for the Sound Management of Chemicals.
|
| 710 |
2 |
|
|a International Program on Chemical Safety.
|
| 830 |
|
0 |
|a Environmental health criteria.
|x 0250-863X ;
|v 196.
|
| 999 |
|
|
|a MARS
|
| 999 |
f |
f |
|s eba2714b-487b-3ba7-8c93-2c2a88cd97b9
|i a5839429-4140-32e2-99b4-5478132db061
|t 0
|
| 952 |
f |
f |
|p ric
|a Texas A&M University
|b Rellis Campus
|c Joint Library Facility
|d Remote Storage
|t 0
|e WA 30 E61 v.196 1997
|h National Library of Medicine classification
|i unmediated -- volume
|m 3238901646379
|
| 998 |
f |
f |
|a WA 30 E61 v.196 1997
|t 0
|l Remote Storage
|